[Event "Olympiad-23"]
[Site "Buenos Aires"]
[Date "1978.11.07"]
[Round "12"]
[White "Suba, Mihai"]
[Black "Asmundsson, Ingvar"]
[Result "1-0"]
[WhiteElo "2430"]
[BlackElo "2405"]
[Annotator "Suba,M"]
[PlyCount "101"]
[EventDate "1978.10.25"]
[EventType "team-swiss"]
[EventRounds "14"]
[EventCountry "ARG"]
[SourceTitle "EXT 2000"]
[Source "ChessBase"]
[SourceDate "1999.11.16"]
[SourceVersion "1"]
[SourceVersionDate "1999.11.16"]
[SourceQuality "1"]
[WhiteTeam "Romania"]
[BlackTeam "Iceland"]
[WhiteTeamCountry "ROU"]
[BlackTeamCountry "ISL"]

{Inf.26/14} 1. c4 f5 2. g3 Nf6 3. Bg2 e6 4. Nf3 Be7 5. O-O O-O 6. b3 $1 (6. d4)
6... Nc6 $6 7. d4 Ne4 8. Bb2 Bf6 9. Nc3 d5 $6 (9... d6 $14) 10. e3 b6 11. Rc1
Bb7 12. Qe2 Ne7 13. Rfd1 c6 14. Ne5 Qe8 15. cxd5 $1 Nxc3 (15... cxd5 16. f3 $16
) 16. Bxc3 Nxd5 17. Nc4 $1 $16 Nxc3 18. Rxc3 Rd8 19. Rc2 (19. Ne5 $1 Rc8 (19...
Bxe5 20. dxe5 Rxd1+ 21. Qxd1 {/\ Rd3-d6+-}) 20. Qc2 $16) 19... Rf7 20. b4 Rc7
21. Rb1 e5 $6 22. dxe5 Bxe5 23. Nxe5 Qxe5 24. Rd1 $1 Rxd1+ 25. Qxd1 c5 26. Bxb7
Rxb7 27. Rd2 c4 28. Rd5 Qe6 29. Rd6 Qe5 30. Rc6 b5 31. Qd8+ Kf7 32. Qc8 $1 $18
Re7 33. Rc5 Qa1+ 34. Kg2 g6 35. Rxb5 Qxa2 36. Rb8 $2 (36. Qh8 $1 $18) 36... Qc2
$1 37. Qg8+ Kf6 38. Qh8+ Ke6 39. Qd4 Qd3 $1 $11 40. Qf4 Qd5+ (40... Qe4+ 41.
Qxe4+ fxe4 42. Rc8 $18) 41. Kh3 Kd7 $2 (41... Qc6 $1 42. Qd4 c3 43. b5 Qc7 44.
Rf8 Rf7 45. Re8+ Re7 $11) 42. Rf8 $1 $16 Re5 $2 (42... Qe4 43. Qb8 Qg4+ 44. Kg2
Qe4+ 45. f3 Qxe3 46. Qc8+ Kd6 47. Rd8+ Ke5 48. Qc6 $1 $18) (42... Re8 $1 $16)
43. Qh4 $18 Re7 44. Qf6 Qe4 45. b5 $1 {[/\ Qa6]} Kc7 46. f3 $1 Qe6 47. Qd4 Kb7
48. Qd8 Qe5 49. f4 Qc7 50. Qd5+ Kb6 51. Rf6+ (51. Rf6+ Ka5 52. b6+) 1-0

[Event "Petah Tikva"]
[Site "Petah Tikva"]
[Date "1997.12.10"]
[Round "4"]
[White "Tsesarsky, Ilya"]
[Black "Finkel, Alexander"]
[Result "0-1"]
[WhiteElo "2445"]
[BlackElo "2470"]
[Annotator "Tsesarsky,I"]
[PlyCount "72"]
[EventDate "1997.11.??"]
[EventType "swiss"]
[EventRounds "9"]
[EventCountry "ISR"]
[SourceTitle "CBM 062"]
[Source "ChessBase"]
[SourceDate "1998.01.31"]
[SourceVersion "1"]
[SourceVersionDate "1998.01.31"]
[SourceQuality "1"]

1. Nf3 {Finkel,A} g6 2. c4 Bg7 3. e4 $6 {Finkel,A: 'Trying to prevent
Gruenfeld white falls into famous opening trap.After move in the game black
easily solves all opening problems.'} (3. d4) 3... e5 $1 4. d4 (4. Be2 c5 $11)
4... exd4 5. Nxd4 Nf6 6. Nc3 O-O 7. Be2 (7. Bd3 d6 8. O-O c6 (8... Nbd7 9. h3
Re8 10. Re1 Nc5 11. Bc2 a5 12. Bg5 h6 13. Bh4 c6 14. Nb3 Ne6 15. a4 Nf4 $132 {
1/2-1/2 Uhlmann,W-Maiwald,J/Wuerzburg op 1995 (40)}) 9. Bc2 Qb6 10. Nb3 Qb4 11.
c5 dxc5 12. a3 Qb6 13. Be3 Na6 14. f3 Rd8 15. Qe2 Qc7 16. Nxc5 Nxc5 17. Bxc5
Nd7 18. Be3 Ne5 $11) 7... Re8 8. f3 c6 {'!' Finkel,A.} 9. Bg5 (9. Nc2 d5 (9...
Qb6 $2 10. Be3 Qxb2 11. Bd4 {/\ Na4+-}) 10. cxd5 cxd5 11. O-O {'!?' Finkel,A.}
(11. Nxd5 Nxd5 12. Qxd5 Qxd5 $1 {'!?' Finkel,A.} (12... Qh4+ 13. g3 Qf6 14. Rb1
Nc6 15. Bg5 $14 {0-1 Adamski,J-Adorjan,A/Polanica Zdrój 1970 (76)}) (12... Qc7
$5 13. Qc4 Nc6 14. O-O Be6 15. Qa4 a6 $36 {ףa4}) 13. exd5 Na6 14. Kf2 Bf5 15.
Ne3 Bd4 $1 $17) (11. Bg5 h6 $5 (11... Qa5 $2 12. b4) (11... dxe4 12. Qxd8 Rxd8
13. Nxe4 Nbd7 14. O-O-O Rf8 15. Nd6 $14 {_|_^^}) 12. Bxf6 $8 Qxf6 (12... Bxf6
13. Qxd5 Qc7 14. Qc4 $14 {/\ Nd5}) 13. Qxd5 (13. exd5 $2 Qb6 $17) (13. Nxd5 $6
Qxb2 {^^} 14. O-O Nc6 15. Rb1 Qxa2 16. Nc7 Rd8 $17) 13... Be6 14. Qb5 (14. Qxb7
$2 Nd7 {/\ Rab8-+}) 14... Nc6 (14... Nd7 15. O-O a6 16. Qd3 Ne5 $44) 15. O-O (
15. Rd1 $5 Qe7 16. O-O Qc7 {/\ Be5, a6~/=}) 15... Nd4 $1 $132 {0-1 Gross,
S-Stohl,I/Rimavska Sobota 1991 (52) '!' Finkel,A.} (15... Nd4 $1 16. Nxd4 Qxd4+
17. Kh1 a6 $44 {Gross,S-Stohl,I/Rimavska Sobota 1991 (52)})) (11. exd5 Qb6 12.
Qd4 Nbd7 13. Qxb6 Nxb6 14. Ne3 Re5 15. Kf2 Nfxd5 16. Nexd5 Nxd5 17. Rd1 Be6 18.
Bd2 $11 {0-1 Arkhipov,S-Tolnai,T/Kecskemet 1992 (56)}) 11... dxe4 (11... Be6 $5
) 12. Qxd8 Rxd8 13. fxe4 Re8 $8 14. Nb5 (14. Bg5 $5 Nxe4 15. Nxe4 Rxe4 16. Bf3
Re5 $1 $17) 14... Na6 $15 {0-1 Greenfeld,A-Leko,P/Budapest 1996 (41)} (14...
Na6 {Finkel,A} 15. Nd6 Re6 $15 {Greenfeld,A-Leko,P/EUCup f 1996 (41)})) (9. O-O
d5 10. exd5 cxd5 11. Kh1 Nh5 12. g4 Qh4 13. Kg2 (13. gxh5 Bxd4 14. hxg6 hxg6
15. Nxd5 $132) 13... Be5 (13... dxc4 $15) 14. Rh1 Nc6 $2 (14... Nf6 $15) 15.
Nxc6 bxc6 16. Qe1 $2 $17 {1/2-1/2 Spassov,L-Sax,G/Budapest Tungsram 1977 (29)}
(16. cxd5 $16)) (9. Nb3 a5 10. c5 a4 11. Nd2 Nh5 12. g3 b5 13. cxb6 a3 (13...
Qxb6 $15) 14. Qb3 Bb7 15. f4 c5 16. O-O d5 17. e5 c4 18. Qb5 Bf8 19. bxa3 Re6
20. Rb1 Nd7 21. Nxd5 {0-1 Kleibaumhueter,K-Ghinda,M/Dortmund op 1986} (21. Bg4
Bc5+ 22. Kg2 $132) 21... Bc5+ $17) (9. Nb3 $5 {Finkel,A}) 9... h6 (9... Qb6 10.
Nb3 Na6 11. Qd2 d5 {'!' Finkel,A.} 12. Be3 Qb4 13. cxd5 cxd5 14. exd5 Nc7 {
'©' Finkel,A. Finkel,A: ' Vaganian,R-Jansa,V/Tallinn Keres mem 1983/0-1 (55)'}
15. Bc5 Qh4+ 16. Bf2 Qb4 17. Rd1 (17. Bc5 Qh4+ $11) 17... Nfxd5 $15 {0-1
Vaganian,R-Jansa,V/Tallinn Keres mem 1983 (55)}) 10. Bh4 d5 11. exd5 (11. cxd5
cxd5 12. exd5 g5 13. Bf2 Nxd5 14. Ndb5 Be6 15. O-O Nc6 {'=' Finkel,A. Finkel,A:
'David,P-Adorjan,A/Zalaegerszeg 1991 (37)'} 16. Nxd5 Bxd5 17. Nc3 Be6 $15 {
0-1 David,P-Adorjan,A/Zalaegerszeg 1991 (37)}) 11... cxd5 12. O-O Nc6 13. Nxc6
(13. cxd5 Nxd4 14. Qxd4 Nxd5 {'!' Finkel,A.} 15. Qc4 (15. Qxg7+ Kxg7 16. Bxd8
Nxc3 17. bxc3 Rxe2 {'=/+' Finkel,A.} (17... Rxd8 $15 {Finkel,A}) 18. Rf2 $11)
15... Qb6+ 16. Bf2 Ne3 (16... Qxb2 $17) 17. Qb5 Qe6 {'|^' Finkel,A. Finkel,A:
' 0-1 Svirin,O-Khasin,A/URS-chT Podolsk 1990 (42)'} 18. Rfc1 (18. Rfe1 $11)
18... a6 $17 {0-1 Svirin,O-Khasin,A/URS-chT Podolsk 1990 (42)}) (13. Bf2 Nxd4
14. Bxd4 dxc4 15. Bxc4 a6 (15... Be6) 16. a4 Bf5 17. Kh1 Rc8 18. Bb3 Rc6 19.
Rf2 Rd6 20. Rd2 Qd7 21. Be3 $11 {0-1 Cabrilo Goran-Jansa Vlastimil/Smederevska
Palanka (Yugoslavia) 1984 (66)}) 13... bxc6 14. cxd5 $2 {Finkel,A: 'If the
first white's inaccuracy braught to equality the second one causes white
serious troubles.After correct'} (14. Bf2 Be6 15. Re1 (15. Na4 Nh5 16. cxd5
Bxd5 17. Re1 Qg5 18. Kh1 Nf4 {'=/+' Finkel,A. Finkel,A: 'Bobotsov,M-Adorjan,A/
Vrnjacka Banja 1972 (56)'} 19. Bf1 Bc4 20. Rxe8+ Rxe8 21. Nc3 Bxf1 22. Qxf1 $11
{0-1 Bobotsov,M-Adorjan,A/Vrnjacka Banja 1972 (56)}) 15... Qe7 16. Qa4 {
1/2-1/2 Petursson,M-Sax,G/Buenos Aires ol 1978 '=' Finkel,A. Finkel,A: 'the
position remaines balanced;1/2-1/2 Petursson,M-Sax,G/Buenos Aires ol 1978'})
14... Qb6+ $1 $17 {Finkel,A: 'Important intermediate move.'} 15. Rf2 (15. Kh1
$142 Qxb2 16. Qc1 (16. Rc1 {Finkel,A} Nxd5 17. Nxd5 cxd5 $17) 16... Qxc1 17.
Raxc1 Nxd5 18. Nxd5 Rxe2 19. Ne7+ (19. Rxc6 Bb7 20. Nf4 Rxa2 $19) 19... Kf8 20.
Nxc6 Rxa2 $17) (15. Bf2 Qxb2 16. Qc1 Qxc1 (16... Rxe2 17. Nxe2 Qxe2 18. Qxc6
Rb8 19. Rab1 $18) 17. Raxc1 Nxd5 18. Nxd5 Rxe2 $17) 15... Nxd5 {'!?' Finkel,A.}
({Also after} 15... Qxb2 $5 {Finkel,A} 16. Na4 (16. Bb5 Qxc3 17. Bxc6 Bf5 18.
Bxa8 Rxa8 19. Rc1 Qe3 $17) 16... Qe5 17. dxc6 Ng4 18. fxg4 Qxa1 19. Qxa1 Bxa1
20. Kf1 Rb8 $17 {white's chanses of survival are slim.}) 16. Nxd5 cxd5 17. Kh1
(17. Qxd5 $142 Qxb2 (17... Bb7 {Finkel,A} 18. Qd2 g5 19. Bg3 Rad8 20. Qc2 Bd4
$17) (17... Be6 $5 18. Qd2 (18. Qb5 $5) 18... g5 19. Bg3 Rad8 20. Qc2 Qxb2 $19)
18. Rd1 Be6 19. Qd2 Qxa2 20. Bb5 Qxd2 21. Rfxd2 Rec8 $17) 17... Qxb2 18. Rb1
Qd4 19. Bb5 $8 Bf5 $1 {'!?' Finkel,A.} (19... Qxh4 20. Bxe8 Qxf2 21. Bxf7+ (21.
Qxd5 Qc2 22. Rf1 Rb8 23. Bxf7+ Kh7 $19) 21... Kxf7 (21... Kh7 {Finkel,A} 22.
Bxd5 (22. Qxd5 Qc2 23. Rg1 Rb8 24. Qd8 h5 $19) 22... Bh3 $1 23. gxh3 Rd8 $19 {
[%csl Rh2][%cal Gg7e5,Gd8d1]}) 22. Qxd5+ Be6 (22... Ke7 23. Qe4+ $15) 23. Qxa8
$15) 20. Bxe8 Bxb1 $1 21. Qxb1 (21. Qxd4 Bxd4 22. Re2 Bxa2 {'-+' Finkel,A.} (
22... Rc8 $19 {Finkel,A}) 23. Bxf7+ Kxf7 24. Rxa2 a5 $19) 21... Rxe8 $6 {
'!?' Finkel,A. Finkel,A: 'Black is a pawn up and his pieces are extremly well
placed so there is no reason to look for complications to win the game.'} (
21... Rb8 $1 $19) (21... Rb8 $5 {Finkel,A}) 22. Bg3 Kh7 23. h4 $2 {'?!' Finkel,
A. Finkel,A: 'Here the pawn will be a target for black pieces so more
persistant was'} (23. h3 $17) (23. h3 $5 {Finkel,A}) 23... h5 $19 24. Kh2 Bf6
25. Kh3 (25. f4 Kg7 26. Rc2 Qe4 $19) 25... Kg7 26. Qc1 Qd3 $1 (26... Re6 27.
Rd2 Qe3 28. Qd1 Qa3 $17) 27. Rd2 Qf5+ 28. Kh2 d4 29. Qa3 (29. Qd1 g5 $19) 29...
g5 $1 {'-+!' Finkel,A. Finkel,A: 'The decisive breakthrough.White is helpless.'
} 30. hxg5 Qxg5 31. f4 Qg4 32. Rd3 Re2 33. Rf3 {'[]' Finkel,A.} h4 34. Bf2 Qf5
{'!' Finkel,A.} 35. Qb3 d3 36. Bxa7 Qg4 (36... Qg4 37. Bf2 d2 $19) 0-1

[Event "ISR-ch op"]
[Site "Tel Aviv"]
[Date "1999.04.07"]
[Round "8"]
[White "Mikhalevski, Victor"]
[Black "Tyomkin, Dimitri"]
[Result "1/2-1/2"]
[WhiteElo "2528"]
[BlackElo "2504"]
[Annotator "Tyomkin,D"]
[PlyCount "58"]
[EventDate "1999.03.28"]
[EventType "swiss"]
[EventRounds "9"]
[EventCountry "ISR"]
[SourceTitle "CBM 071"]
[Source "ChessBase"]
[SourceDate "1999.08.01"]
[SourceVersion "1"]
[SourceVersionDate "1999.08.01"]
[SourceQuality "1"]

1. c4 f5 2. Nf3 Nf6 3. g3 e6 4. Bg2 d5 5. O-O c6 6. b3 {The other way for
white is to prepare e2-e4 by d2-d3,Nd2(c3) without developing the bishop to-b2.
} Bd6 7. Bb2 Qe7 8. d3 O-O 9. Nc3 Nbd7 10. e4 $1 {[%mdl 16] Typical break in
this pawn structure. It is the advantage of whites opening setup -white may
lead e2-e4 breaking blacks strong center.} (10. Qc2 {Ribli} f4 $1 $13 11. e3
fxe3 12. fxe3 Ng4 13. Rae1 Nde5 14. Nd1 Bd7 15. Nxe5 Nxe5 16. Qe2 Qg5 $36 {
0-1 Sorokin,M-Potapov,A/Perm 1997/CBM 58/[Ribli] (38) Schwarz hat nun die
bessere Figurenstellung,und Angriffchancen am Koenigsfluegel.Ribli.}) 10...
dxe4 11. dxe4 Nxe4 (11... fxe4 12. Ng5 Be5 (12... e3 13. fxe3 $14 {@}) 13.
Ngxe4 Nxe4 (13... Nc5 14. Nxc5 Qxc5 15. Na4 Qa5 (15... Qd6 16. Qxd6 $16 {
@_|_ this ending is too dangerous for black because of undeveloped pieces.})
16. b4 $16 {[%csl Rc8] White has a large advantage in space.}) 14. Bxe4 $14)
12. Nxe4 fxe4 13. Nd2 (13. Ng5 $5 Bxg3 $1 $13 {leads to the sharp tactical
struggle.}) 13... e3 $1 $146 {[%mdl 24] Black doesn't let white to get better
pawn structure.Pawn-e6 isn't on the open file anymore,and black succesfully
finishes development in few close moves.} (13... Nc5 14. Nxe4 Nxe4 15. Bxe4 $14
{1-0 Milner,H-Root,A/Los Angeles USA 1991 (31)}) 14. fxe3 Rxf1+ 15. Qxf1 Be5 $1
$11 {[%mdl 4]} 16. Bd4 (16. Bxe5 Nxe5 17. Rd1 Nf7 $1 {/\e5}) 16... Bc7 $1 {
[%cal Ge6e5] /\e5 with this monouevre black has improved the placement of the
bishop.} (16... Bxd4 $2 17. exd4 e5 18. Re1 Qd6 19. Nf3 $1 $16) 17. Bc3 e5 18.
Ne4 Nf6 19. Qd3 $6 {White is still dreaming about advantage,but it was good
idea to think about equality.} (19. Nxf6+ Qxf6 20. Qe2 Bf5 $11) 19... Bf5 20.
Rf1 (20. Nxf6+ Qxf6 21. Qe2 $11 (21. e4 Be6 22. Rf1 Qg5 $15)) 20... Bxe4 $1 $15
21. Bxe4 Rd8 22. Qc2 Qc5 {Black is clearly better: in closed positions like
this,knight is better piece than bishop,e3 pawn is vulnerable,open line-d is
under blacks control.} 23. Re1 Ba5 $1 {Exchanging black-square bishops,white
is increasing the advantage of better knight against the whites bishop.} 24.
Bxa5 Qxa5 25. Re2 Qc5 (25... Nxe4 $2 26. Qxe4 Rd1+ 27. Kg2 Rd2 28. Rxd2 Qxd2+
29. Kh3 $14 {[%csl Rg8] xKg8}) (25... Qb4 $15) (25... Rd6 $5 {[%cal Ga5d8,
Yd8d6] /\Qd8} 26. Bf5 (26. c5 Rd8 27. Qc4+ Kh8 28. b4 Qa3) 26... Qd8 (26... g6
$2 27. c5 $1 {[%csl Rf6][%cal Rf5g6] /\Bg6}) 27. Qc3 $1 {[%cal Yf5c2]} (27. Kg2
g6 28. Bh3 Rd3 $17) 27... e4 (27... g6 $140 28. Bc2) (27... Rd1+ $140 28. Kg2
Qd6 $2 (28... e4 $142) 29. Bc2 Rc1 30. Bxh7+ {[%csl Rc1]}) 28. Qe5 $132) 26.
Bf5 e4 $2 $138 {Under time pressure black is losing all the advantage with
this move.} (26... Qd6 $1 {[%cal Rg7g6,Re5e4] /\g6,/\e4! The right strategy
was to play against whites bishop, placing black pawns on same colour squares.
Qd6 move increases control over d-file,and black has clear permanent advantage.
} 27. Rf2 $1 (27. c5 Qd5 28. Qc4 Qxc4 29. bxc4 Kf7 30. Rb2 Rb8 {[%csl Rc5]
[%cal Gg7g6] /\g6,xc5}) (27. Kg2 g6 28. Bh3 (28. Bxg6 $2 hxg6 29. Qxg6+ Kh8 {
[%cal Yf6h7] /\Nh7}) 28... e4 29. Rf2 (29. Qc3 Qd3 $1) 29... Qe5 {[%cal Gd8d3]
/\Rd3}) 27... a5 (27... b6 $5) 28. c5 Qd5 $15) 27. Bxe4 $11 Re8 28. Bf3 Rxe3
29. Kg2 Rxe2+ 1/2-1/2

[Event "DEN-ch playoff"]
[Site "Copenhagen"]
[Date "1996.??.??"]
[Round "1"]
[White "Nielsen, Peter Heine"]
[Black "Danielsen, Henrik"]
[Result "1-0"]
[WhiteElo "2530"]
[BlackElo "2495"]
[Annotator "Tyomkin,D"]
[PlyCount "71"]
[EventDate "1996.10.18"]
[EventType "match"]
[EventRounds "4"]
[EventCountry "DEN"]
[SourceTitle "CBM 056"]
[Source "ChessBase"]
[SourceDate "1997.02.01"]
[SourceVersion "1"]
[SourceVersionDate "1997.02.01"]
[SourceQuality "1"]

1. c4 f5 2. Nc3 Nf6 3. d4 e6 4. Nf3 Bb4 5. Qb3 a5 6. g3 b6 7. Bg2 Bb7 8. O-O
O-O (8... Na6 {Tyomkin,D} 9. Bf4 (9. Rd1 $142 $14) 9... O-O (9... Bxc3 10. Qxc3
O-O 11. Rfd1 $14) 10. Nb5 Be7 11. Rfd1 {[%cal Gd4d5]} d6 12. Ng5 Bxg2 13. Kxg2
(13. Nxe6 $5 Qc8 14. Nxf8 Bb7 15. Nxh7 Kxh7 16. d5 Nc5 17. Qc2 $14 {black
pieces are very passive in this close position}) 13... Qc8 14. Qe3 (14. c5 Nd5
15. cxd6 cxd6 (15... Nxf4+ 16. gxf4 Bxg5 17. fxg5 cxd6 18. Rac1 Qd7 19. d5 e5 (
19... Nc5 20. dxe6 Qe7 21. Qd5) 20. Rc6 Nc5 $13) 16. Rac1 Qb7 17. Kg1 Bxg5 18.
Bxg5 Qd7 $11) 14... e5 15. dxe5 Ng4 16. Qf3 Bxg5 17. Bxg5 Nxe5 $11 {Teloeken,
A-Kern,G/NRW-II 1994/1/2-1/2 (45)}) 9. Rd1 (9. Bd2) (9. Bf4 Bxc3 10. Qxc3 d6
11. Rad1 {1/2-1/2 Stohl,I-Kindermann,S/Prague Chip 1992}) (9. Bg5 Na6 {Glek,I}
(9... Qe8 10. Bxf6 (10. Nb5 $5 Na6 11. Bxf6 Rxf6 12. d5 $13) 10... Rxf6 11. a3
$6 (11. Nb5 $5 {-see10.Nb5}) (11. Rad1 Bxc3 12. Qxc3 d6 $14) 11... Bxc3 12.
Qxc3 d6 13. c5 Na6 14. cxd6 cxd6 $11 {Smyslov,V-Agdestein,S/Aker Brygge 1989/1/
2-1/2 (36)}) (9... Bxc3 10. Qxc3 Qe8 (10... h6 {Vyzmanavin,A,Arkhangelsky,B}
11. Bxf6 Qxf6 12. Rac1 d6 13. Rfd1 (13. c5 $6 bxc5 14. dxc5 Qxc3 15. Rxc3 Bxf3
16. Bxf3 d5 $15 17. c6 $2 (17. Rd1 Nc6 18. Rxd5 exd5 19. Bxd5+) 17... Ra6 18.
Rfc1 Kf7 $17 {/\ Ke7-d6} 19. e3 (19. g4 $5 g6 20. gxf5 gxf5 21. Bh5+ {/\ Rg3})
19... Ke7 20. Bd1 Rb6 21. Rc5 Rxb2 22. Rxa5 Rb6 23. Ba4 Kd6 24. h4 g5 $1 25.
hxg5 hxg5 26. Kg2 g4 $19 {Vyzmanavin,A-Nikolic,P/Tilburg 1992 (58) 0-1}) 13...
Nd7 $10) 11. Bxf6 Rxf6 12. c5 (12. d5 $1 Na6 (12... exd5 13. cxd5 Bxd5 14. Qxc7
Na6 15. Qf4 $16) 13. dxe6 (13. Nd4 e5 $13) (13. Nd2 $5) 13... d6 (13... Rxe6
14. Nd4 Bxg2 15. Nxe6 $16 {[%csl Rg7]}) 14. Nd4 Bxg2 15. Kxg2 $14) 12... b5 (
12... d6 {[%cal Gc3c7] -like the game Smyslov-Agdestein[8..0-09.Bg5 Qe8],but
black didn't play yet Na6,and it's very importent} 13. cxd6 cxd6 14. Qc7 Qc6
15. Rfc1 Qxc7 16. Rxc7 $16) (12... Na6 $5 {/\d6}) 13. Rad1 Bd5 (13... d6 $142)
14. Ne5 Bxg2 15. Kxg2 c6 16. f3 b4 17. Qc4 $14 {Savchenko,S-Karlsson,L/Gausdal
Peer Gynt 1993/1/2-1/2 (35)}) 10. Rad1 Bxc3 11. Bxf6 (11. Qxc3 Ne4 $1) 11...
Qxf6 12. Qxc3 d6 13. e3 (13. Rd2 {>=} Be4 $10) 13... Rfd8 14. Rd2 e5 15. dxe5
dxe5 16. Rfd1 (16. Rxd8+ Rxd8 17. Qxe5 Qxe5 18. Nxe5 Bxg2 19. Kxg2 Rd2 $44 {|^}
) 16... Rxd2 17. Qxd2 (17. Rxd2 Re8 $15) 17... e4 18. Ne1 (18. Nd4 Rd8) 18...
Nc5 {Gross,D-Glek,I/Cuxhaven op 1993/0-1 (64)}) 9... Qc8 $146 (9... Bxc3 {
Vyzmanavin,A; Arkhangelsky,B} 10. bxc3 $6 {10.Qxc3 =} Be4 11. Ba3 Re8 12. c5 a4
13. Qb2 bxc5 14. Bxc5 Qc8 15. c4 Qa6 $15 16. Ba3 Qxc4 {16. - Nc6!?} 17. Rac1
Qa6 18. Rxc7 Nd5 19. Rcc1 Nc6 20. Bf1 $1 $10 {Vyzmanavin,A-Nikolic,P/Tilburg4.
05 ') 1992/0-1 (34)}) (9... Na6 {Tyomkin,D} 10. Bg5 (10. Bf4 $5) 10... Bxc3 11.
bxc3 $6 (11. Qxc3 Ne4) (11. Bxf6 $142 Rxf6 12. Qxc3) 11... Qc8 12. a4 d6 13.
Bf4 Qe8 $15 {Gurevich,M-Nikolic,P/Tilburg 1993/1/2-1/2 (88)}) (9... Qe8 10. Nb5
Na6 11. Bf4 Rc8 12. Rac1 Be7 13. d5 $14 {Sakaev,K-Moutousis,K/Dortmund op-A
1992/1-0 (65)}) 10. Qc2 Bxc3 11. Qxc3 d6 12. b3 Nbd7 13. Ne1 h6 14. Bb2 Bxg2
15. Nxg2 Qe8 16. Rac1 Qf7 $6 (16... g5 $142 17. Qc2 {[%csl Rf5][%cal Gd4d5]} (
17. d5 e5) 17... Qg6 (17... Qh5 $141 18. d5 Ng4 19. h4 e5 20. f3) 18. d5 e5
$132 19. Ne3 e4) 17. Qc2 Ne4 18. Ba3 $6 (18. f3 $5 Ng5 (18... Nef6 19. d5 $1
exd5 20. cxd5 (20. Qxf5 Rae8 21. Rd2 dxc4 22. Rxc4 Ne5 23. Rc1 $14) 20... Nxd5
21. Qc4 N7f6 22. Bxf6 Nxf6 23. Qxc7 $16) 19. Nf4 e5 (19... Z0 20. h4 $140 Nh7
21. d5) 20. dxe5 dxe5 21. Ng6 $5) 18... e5 19. dxe5 (19. f3 Ng5 20. dxe5 Nxe5
21. Nf4 $14) 19... Nxe5 20. Bb2 (20. f3 $5) 20... Ng6 21. e3 $2 (21. f3 Ng5 (
21... Nc5 22. e3 $14 a4 $140 23. b4 a3 24. Bxg7) 22. h4 (22. Rd5 f4) 22... Ne6
23. e3 Ne5 24. Qf2 (24. Bxe5 dxe5 25. Rd5 e4) 24... Rae8 25. Rd5 $14) 21...
Rae8 22. Qe2 (22. f3 {now it's much worse that in a previos move:} Ng5 23. Qf2
$4 (23. Qe2 Nh3+ 24. Kh1 f4) 23... Nh3+) 22... Re7 23. Rd5 (23. f3 {
Unbilivable!white missed this tipical move during the game,and this move can
give an advantage in some moments.} Ng5 24. h4 Ne6 25. Qf2 $14 (25. Rd5 f4 26.
h5 Nh8 $13)) 23... Kh7 24. Rcd1 (24. f3 $5 {again...}) 24... Ng5 $5 {
Intristing solution.First,I thought that it is mistake,and just helps to
improve white's position by pushing h-pawn to-h5,but this move just provokes
white to do it,and not so bed,because after all white doesn't have more than
equality-see notes to 27th move of black.Perhaps,black didn't like
"f2-f3"move?!!After 25.h4 white doesn't have f2-f3 forever!} (24... c6 $6 25.
R5d4 Ne5 26. f3 Qh5 27. Ne1 Ng5 28. Rh4 Nexf3+ 29. Kf1 $16) (24... Ree8 $5 25.
f3 Nc5 26. h4 Ne5 27. Nf4 g5 $13) 25. h4 Ne4 26. h5 Ne5 27. Nh4 {[%cal Gh4f5,
Gh4g6]} (27. Nf4 $6 Rfe8 28. Kg2 $2 Nxf2 29. Qxf2 Ng4) 27... c6 $4 {black is
destroying his position in one move} (27... Rfe8 $142 $1 28. Bxe5 (28. g4 $2
fxg4 29. Qc2 Kg8) (28. Kg2 c6 29. R5d4 Ng4 30. f3 Nxg3 $44 31. Kxg3 Nxe3 $17)
28... dxe5 29. R5d3 Nc5 30. R3d2 Ne4 31. Rd3 $11 {white can not get more than
drow after 27..Rfe8,and recscue to get into troubles like after28.Kg2,if
doesn't play exactly}) {[%tqu "En","What is th best answer for white?","","",
"d5d6","",10]} 28. Rxd6 $1 (28. Rxe5 $143 {didn't achive anything} dxe5 29. Ng6
Rfe8) 28... Ng4 $2 (28... Nxd6 $142 {was a last chance to save a game in the
_|_ with pawn down} 29. Rxd6 $18 {[%cal Gh4g6]} Qe8 30. Bxe5 Rxe5 31. Ng6 Rf6
32. Rxf6 gxf6 33. Nxe5 {with pawn up in the Q-ending}) 29. Rg6 Rg8 (29... Nexf2
30. Rxg7+ Qxg7 31. Bxg7 Rxe3 32. Qxf2 Nxf2 33. Kxf2 Rfe8 34. Nxf5 $18) 30. Rf1
Ng5 31. Qd3 Nh3+ 32. Kg2 Nhxf2 33. Rxf2 Rd7 34. Qc3 Nxf2 35. Kxf2 Qe6 $138 {
anyway black is losing} 36. Rxe6 1-0

[Event "Balatonbereny GM"]
[Site "Balatonbereny"]
[Date "1996.??.??"]
[Round "4"]
[White "Stangl, Markus"]
[Black "Wach, Markus"]
[Result "1/2-1/2"]
[WhiteElo "2565"]
[BlackElo "2380"]
[Annotator "Wach,M"]
[PlyCount "114"]
[EventDate "1996.06.13"]
[EventType "tourn"]
[EventRounds "11"]
[EventCountry "HUN"]
[EventCategory "11"]
[SourceTitle "CBM 055"]
[Source "ChessBase"]
[SourceDate "1996.12.01"]
[SourceVersion "1"]
[SourceVersionDate "1996.12.01"]
[SourceQuality "1"]

1. Nf3 e6 2. g3 f5 3. Bg2 Nf6 4. O-O Be7 5. c4 O-O 6. d3 d6 7. Nc3 Qe8 8. e4
fxe4 9. dxe4 (9. Nxe4 Nc6 10. Nc3 e5 11. Nd5 Bd8 12. Ng5 Kh8 13. Ne3 h6 14. Ne4
$13) 9... e5 10. c5 Na6 11. cxd6 Bxd6 12. h3 b6 13. Be3 Bb7 14. Nd2 Bc5 15. Qe2
Rd8 16. Rac1 Bxe3 17. Qxe3 Nc5 18. b4 Nd3 19. Rb1 c5 20. b5 Nb4 21. Rfc1 Qd7
22. Nf1 Qd4 23. a3 Nd3 24. Rc2 Rd7 25. Rd1 c4 26. f3 Rfd8 27. Ne2 Qc5 28. Qxc5
Nxc5 29. Rxd7 Rxd7 30. Ne3 Rd3 31. Nxc4 Nfd7 32. h4 Kf8 33. Nc3 Ke7 34. Kf2 Rd4
35. Bf1 Nd3+ 36. Bxd3 Rxd3 37. Ke2 Rd4 38. Ne3 Kf7 39. Ncd5 Nc5 40. Nb4 Rd7 41.
Nc4 Ke6 42. Rd2 Rxd2+ 43. Kxd2 h6 44. h5 $2 (44. Ke3 $142 $18) 44... Bxe4 $1
45. fxe4 Nxe4+ 46. Kd3 Nxg3 47. Nc6 Kd5 48. N4xe5 Nxh5 49. Ng6 a5 50. a4 Nf6
51. Nce5 h5 52. Nc4 Kc5 53. Kc3 Nd5+ 54. Kb3 Kd4 55. Nd6 Ne3 56. Nc8 Kc5 57.
Nce7 Kd6 1/2-1/2